000 00361 a2200169 4500
001 182470
020 _a85-7164-562-0
040 _cMagnum
100 _aAlvarenga, Manuel InĂ¡cio da Silva
240 1 0 _aGlaura
_lpor
245 1 0 _aGlaura
300 _a300
362 0 _a2003
440 1 _aCompanhia das Letras
697 _aLITERATURA GERAL
942 _cBK
999 _c182470
_d182470